Príspevky k dejinám jazyka slovenského. I /
Uložené v:
| Hlavný autor: | |
|---|---|
| Médium: | Kniha |
| Jazyk: | Slovak |
| Vydané: |
V Budapešti :
Nákladom vlastným,
1887.
|
| Vydanie: | 1. vyd. |
| ISBN: |
(viaz.) |
| Fyzický popis: |
130, [2] s. ; 19 cm. |
| Tagy: |
Pridať tag
Žiadne tagy, Buďte prvý kto otaguje tento záznam!
|
Titul je dostupný aj v ... 

MARC
| LEADER | 00000nam a22000001 4500 | ||
|---|---|---|---|
| 001 | 000294521 | ||
| 005 | 20170823104602.0 | ||
| 008 | 010415s1887 hu e slo d | ||
| 020 | |a (viaz.) | ||
| 040 | |a SVKKK |b slo |c SVKKK |e AACR2 | ||
| 041 | 0 | |a slo | |
| 044 | |a hu |c HU | ||
| 100 | 1 | |a Czambel, Samuel, |d 1856-1909 |4 aut | |
| 245 | 1 | 0 | |a Príspevky k dejinám jazyka slovenského. |n I / |c napísal S. Czambel. |
| 250 | |a 1. vyd. | ||
| 260 | |a V Budapešti : |b Nákladom vlastným, |c 1887. | ||
| 300 | |a 130, [2] s. ; |c 19 cm. | ||
| 500 | |a V kommissii U Fr. A. Urbánka, českého kníhkupca v prahe a u Adolfa Horovitza v Trnave | ||
| 910 | |a svkkk | ||
| 998 | |a BK | ||
| 090 | |g SCKHL |k HIS - študovňa |a I.1988 |j 65742 |i 2720469416 |s Príručka / Študovňa | ||